El hombre que fue jueves (Registro nro. 14022)

Detalles MARC
000 - LÍDER
campo de control de longitud fija 00809nam a2200241 i 4500
005 - FECHA Y HORA DE LA ÚLTIMA TRANSACCIÓN
campo de control 20210818182044.0
008 - ELEMENTOS DE DATOS DE LONGITUD FIJA - INFORMACIÓN GENERAL
campo de control de longitud fija 970829s1985 ck gr 000 f spa d
020 ## - INTERNATIONAL STANDARD BOOK NUMBER
International Standard Book Number 8482809008
Información calificativa (Obra completa)
020 ## - INTERNATIONAL STANDARD BOOK NUMBER
International Standard Book Number 8482809776
040 ## - FUENTE DE CATALOGACIÓN
Agencia de catalogación original COMFC
Lenguaje de catalogación spa
Descripción convenciones rda
082 04 - NÚMERO DE CLASIFICACIÓN DECIMAL DEWEY
Número de clasificación 823.912
Número de artículo C525h
100 1# - ENTRADA PRINCIPAL - NOMBRE PERSONAL
Nombre de la persona Chesterton, Gilbert Keith,
Fechas asociadas a un nombre 1874-1936
Término del Relator aut
245 13 - TÍTULO DECLARACIÓN
Título El hombre que fue jueves
Declaración de responsabilidad Gilbert Keith Chesterton ; traducción Alfonso Reyes
264 01 - AVISO DE PRODUCCIÓN, PUBLICACIÓN, DISTRIBUCIÓN, FABRICACIÓN Y DERECHOS DE AUTOR
Lugar de producción Bogotá
Nombre del productor Editorial Oveja Negra
Fecha de producción 1984
300 ## - DESCRIPCIÓN FÍSICA
Alcance 147 páginas
Dimensiones 21 cm
336 ## - TIPO DE CONTENIDO
Fuente rdacontent
Tipo de contenido txt
337 ## - TIPO DE MEDIO
Fuente rdamedia
Término del tipo de medio n
338 ## - TIPO DE PORTADOR
Fuente rdacarrier
Término del tipo de operador nc
490 ## - DECLARACIÓN EN SERIE
Estado de cuenta de la serie Best Sellers
Designación de volumen y secuencia 77
-- 53226
650 14 - ENTRADA DE SUJETO AÑADIDO - TÉRMINO TÓPICO
Término tópico o elemento de entrada del nombre geográfico Novela inglesa
Subdivisión cronológica Siglo XX
700 1# - ENTRADA AGREGADA - NOMBRE PERSONAL
9 (RLIN) 53282
Nombre de la persona Reyes, Alfonso
Término del Relator trl
942 ## - ELEMENTOS DE ENTRADA AGREGADOS (KOHA)
Fuente de clasificación o esquema de estanterías Dewey Decimal Classification
Parte de clasificación 823.912 C525h
Prefijo del número de llamada 823.912
Sufijo del número de llamada C525h
Existencias
Estado de retirada Pérdida de estatus Fuente de clasificación o esquema de estanterías Estado dañado No para préstamo Código de recogida Ubicación permanente Ubicación actual Ubicación de las estanterías Fecha de adquisición Enumeración / cronología de series Total de Cajas Número Topográfico Código de barras Precio efectivo desde Número de copia Fecha de la última vez que se vio Tipo de artículo Koha
    Dewey Decimal Classification     General Biblioteca Pública Departamental Comfamiliar Risaralda Biblioteca Pública Departamental Comfamiliar Risaralda Área General 14/09/2018 No. 77   823.912 C525h No. 77 1003125 14/09/2018 Ej. 1 14/12/2018 Libro